Sự sai lệch chuẩn mực xã hội Nhập môn lý luận chung Tập 2
Nghiên cứu chuẩn mực xã hội (đạo đức, pháp luật, thẩm mỹ..) và những sai lệch chuẩn mực để tìm ra bản chất, nguyên nhân, nguồn gốc, cơ chế của sai lệch chuẩn mực xã hội
Zapisane w:
| Kolejni autorzy: | |
|---|---|
| Format: | Książka |
| Język: | Vietnamese |
| Wydane: |
H.
Nxb Thông tin lý luận
1987
|
| Hasła przedmiotowe: | |
| Etykiety: |
Dodaj etykietę
Nie ma etykietki, Dołącz pierwszą etykiete!
|
| Thư viện lưu trữ: | Mạng thư viện Đại học Đà Nẵng |
|---|
| LEADER | 01350nam a2200337 4500 | ||
|---|---|---|---|
| 001 | 000006701 | ||
| 003 | 2860 | ||
| 005 | 20110919080958.0 | ||
| 008 | 110919s1987 viesd | ||
| 020 | |c 15000đ | ||
| 041 | 0 | |a vie | |
| 082 | |a 171 |b Sưs | ||
| 245 | 1 | 0 | |a Sự sai lệch chuẩn mực xã hội |b Nhập môn lý luận chung |c Người dịch: Đức Uy |n Tập 2 |
| 260 | |a H. |b Nxb Thông tin lý luận |c 1987 | ||
| 300 | |a 220 tr |c 19cm | ||
| 520 | |a Nghiên cứu chuẩn mực xã hội (đạo đức, pháp luật, thẩm mỹ..) và những sai lệch chuẩn mực để tìm ra bản chất, nguyên nhân, nguồn gốc, cơ chế của sai lệch chuẩn mực xã hội | ||
| 653 | |a lí luận | ||
| 653 | |a xã hội học | ||
| 653 | |a Chuẩn mực xã hội | ||
| 700 | |a Đức Uy |e người dịch | ||
| 773 | |t Sự sai lệch chuẩn mực xã hội |w 2859 | ||
| OWN | |a LSP | ||
| AVA | |a UDN50 |b LSP |d 171 Sưs |e available |t Error 5001 Not defined in file expand_doc_bib_avail. |f 2 |g 1 |h N |i 0 |k 1 | ||
| 999 | |a From the UDN01 | ||
| AVA | |a UDN50 |b LSP |d 171 Sưs |e available |t Error 5001 Not defined in file expand_doc_bib_avail. |f 2 |g 1 |h N |i 0 |k 1 | ||
| TYP | |a Monograph | ||
| TYP | |a Printed language | ||
| 980 | |a Mạng thư viện Đại học Đà Nẵng | ||